000 00357nam a2200145Ia 4500
008 230711s9999||||xx |||||||||||||| ||und||
041 _aENG
082 _a720
_bMI-P
100 _aMills Edward D
245 0 _aPlanning the architects handbook
250 _a1st
260 _c1985
_aNew Delhi
_bButterworth-Heinemann Ltd
650 _aArchitecture
942 _cBK
999 _c290
_d290